000 00316nam a22001337a 4500
008 181207b xxu||||| |||| 00| 0 eng d
020 _a0879097094
041 _aeng
080 _22nd
_a610
100 _a4
101 _aSHM
245 _aRespiratory technology a procedure manual
_cHunsinger,D.I
942 _2udc
_cBK
999 _c53036
_d53036